| 000 | 00886nam a22002417a 4500 | ||
|---|---|---|---|
| 005 | 20150428102505.0 | ||
| 010 | _aBAC-EN21 ENG-110595 | ||
| 020 |
_a9780199450671 _c995.00 |
||
| 020 |
_a0199450676 _c995.00 |
||
| 035 | _aEN-94127 | ||
| 035 | _aB-588861-874 | ||
| 037 |
_bBSB/Ven _adpl |
||
| 037 | _bDBAD/PUB | ||
| 082 | _a954.11 | ||
| 100 | _aZutshi, Chitralekha | ||
| 245 |
_aKashmir's contested pasts : _cby Chitralekha Zutshi _bnarratives, sacred geographies and the historical imagination / |
||
| 260 |
_aNew Delhi _bOxford University Press _c2014 |
||
| 270 |
_aYMCA Library Building, 1 Jai Singh Road _bNew Delhi _e110001 |
||
| 300 |
_axv,360p. _c23cm(Hb) |
||
| 500 | _aIncludes bibliographical references and index | ||
| 942 |
_2ddc _cEN _mZUT _h954.11 |
||
| 999 |
_c87577 _d87577 |
||